UBT Library

Introduction to technical services / (Record no. 43210)

000 -LEADER
fixed length control field 00792pam a2200253 a 4500
001 - CONTROL NUMBER
control field 1107293
005 - DATE AND TIME OF LATEST TRANSACTION
control field 20180222082632.0
008 - FIXED-LENGTH DATA ELEMENTS--GENERAL INFORMATION
fixed length control field 930729s1994 coua b 001 0 eng
010 ## - LIBRARY OF CONGRESS CONTROL NUMBER
LC control number 93027295
020 ## - INTERNATIONAL STANDARD BOOK NUMBER
International Standard Book Number 0872879399 (cloth) :
Terms of availability $37.50
020 ## - INTERNATIONAL STANDARD BOOK NUMBER
International Standard Book Number 0872879666 (pbk.) :
Terms of availability $27.50
040 ## - CATALOGING SOURCE
Original cataloging agency DLC
Transcribing agency DLC
Modifying agency DLC
041 ## - LANGUAGE CODE
Language code of text/sound track or separate title eng
043 ## - GEOGRAPHIC AREA CODE
Geographic area code n-us---
080 ## - UNIVERSAL DECIMAL CLASSIFICATION NUMBER
Universal Decimal Classification number L 025.02
082 00 - DEWEY DECIMAL CLASSIFICATION NUMBER
Classification number L 025.02
Edition number 20
100 1# - Rafti
Rafti 0
101 ## - Shkurtesa
Shkurtesa LIB
245 10 - TITLE STATEMENT
Title Introduction to technical services /
Statement of responsibility, etc G. Edward Evans, Sandra M. Heft.
504 ## - BIBLIOGRAPHY, ETC. NOTE
Bibliography, etc Includes bibliographical references (p. 505-519) and index.
906 ## - LOCAL DATA ELEMENT F, LDF (RLIN)
a 7
b cbc
c orignew
d 1
e ocip
f 19
g y-gencatlg
942 ## - ADDED ENTRY ELEMENTS (KOHA)
Source of classification or shelving scheme
Item type Books
Holdings
Withdrawn status Lost status Source of classification or shelving scheme Damaged status Not for loan Collection code Permanent location Current location Shelving location Date acquired Total Checkouts Full call number Barcode Date last seen Price effective from Koha item type
          Koleksioni i përgjithshem UBT - Lipjan UBT - Lipjan Koleksioni i përgjithshem 02/22/2018   L 025.02 002-2999544 02/22/2018 02/22/2018 Books
UBT Library © 2015-2024. All rights reserved University Education for Business and Technology